000
00195 a2200097 4500
020
_a
9788426360113
041
_a
spa
100
_a
Carl Norac
245
_a
Un celular en el polo norte
942
_c
BK
999
_c
29473
_d
29471